| 000 | 00665nam a22001815i 4500 | ||
|---|---|---|---|
| 001 | 178531 | ||
| 003 | ES-MaACL | ||
| 005 | 20240418143805.0 | ||
| 008 | 110606s1957 sp |||| | spa d | ||
| 080 | _a821.111(73)-31"19"(082.2) | ||
| 245 | 0 | 4 |
_aLos premios Pulitzer de novela. _nII. |
| 260 |
_aBarcelona : _bJosé Janés, _c1957. |
||
| 300 |
_a1729 p. ; _c18 cm. |
||
| 505 | 8 | 0 | _aContiene: ¡Así de grande! / Edna Ferber. Ahora en noviembre / Josephine W. Johnson. Lo que el viento se llevó / Margaret Mitchell. La ciudad / Conrad Richter |
| 650 | 7 |
_aNovela norteamericana _2 _9146954 |
|
| 852 |
_aES-MaACL _jE-15298 _xOlim P-103 |
||
| 999 |
_c178531 _d178531 |
||